000 00809nam a2200325 a 4500
003 AR-BaBNM
005 20251128210630.0
008 082120s2002 ||||||||||||||000 | spa||
020 _a84-249-2461-4
040 _cAR-BaBNM
100 0 _aHomero
245 0 0 _aOdisea
260 _aMadrid
_bGredos
_c2000
300 _axxiv, 404 p.
490 0 _aBiblioteca básica Gredos
_vv. 2
650 4 _aLITERATURA GRIEGA
650 4 _aARTE ANTIGUO
650 4 _aMITOLOGIA
650 4 _aRELIGION
650 4 _aTRADICION ORAL
650 4 _aLITERATURA POPULAR
650 4 _aLITERATURA FOLKLORICA
653 _aEPICA
653 _aPOESIA EPICA
655 _aLITERATURA
700 1 _aGarcía Gual, Carlos
_eprologuista
700 1 _aPabón, José Manuel
_etraductor
942 _cBK
998 _cMARTIN
999 _c16262
_d16262